000 00391nam a22001577a 4500
005 20180810113743.0
008 160628b xxu||||| |||| 00| 0 eng d
041 _aeng
082 _b10935
_a658.3
100 _aRao, Dr Nageshwar and Das, Dr R.P.
_93094
245 _aCases in Human Resource Mgt.
260 _bHPH
_c2002
_adelhi
300 _a99p,
650 _aManagement
_9241
942 _cBK
999 _c4493
_d4492